000 00347nam a22001457a 4500
003 OSt
005 20160727222354.0
008 160622b xxu||||| |||| 00| 0 eng d
040 _cTEST
100 _9481
_aRucker, W. E
245 _aHealth mathematics
260 _aToronto
_bD.C. Health & com
_c1983
300 _aHealth mathematics
942 _2ddc
_cBK
999 _c399
_d399